Barum mineralization within the Tulgheş group, East Carpathians, Romania
Elmentve itt :
| Szerzők: | |
|---|---|
| Testületi szerző: | |
| Dokumentumtípus: | Cikk |
| Megjelent: |
Department of Mineralogy, Geochemistry and Petrology, University of Szeged
Szeged
2012
|
| Sorozat: | Acta mineralogica-petrographica
7 Acta mineralogica-petrographica : abstract series 7 |
| Kulcsszavak: | Földtan - előadáskivonat, Kőzettan - előadáskivonat, Ásványtan - előadáskivonat |
| Tárgyszavak: | |
| Online Access: | http://acta.bibl.u-szeged.hu/32997 |
| LEADER | 01267nab a2200301 i 4500 | ||
|---|---|---|---|
| 001 | acta32997 | ||
| 005 | 20260212143031.0 | ||
| 008 | 161017s2012 hu o 000 eng d | ||
| 022 | |a 0324-6523, 1589-4835 | ||
| 040 | |a SZTE Egyetemi Kiadványok Repozitórium |b hun | ||
| 041 | |a eng | ||
| 100 | 1 | |a Hîrtopanu Paulina | |
| 245 | 1 | 0 | |a Barum mineralization within the Tulgheş group, East Carpathians, Romania |h [elektronikus dokumentum] / |c Hîrtopanu Paulina |
| 260 | |a Department of Mineralogy, Geochemistry and Petrology, University of Szeged |b Szeged |c 2012 | ||
| 300 | |a 55 | ||
| 490 | 0 | |a Acta mineralogica-petrographica |v 7 | |
| 490 | 0 | |a Acta mineralogica-petrographica : abstract series |v 7 | |
| 650 | 4 | |a Természettudományok | |
| 650 | 4 | |a Föld- és kapcsolódó környezettudományok | |
| 695 | |a Földtan - előadáskivonat, Kőzettan - előadáskivonat, Ásványtan - előadáskivonat | ||
| 700 | 0 | 1 | |a Scott P. W. |e aut |
| 700 | 0 | 1 | |a Andersen J. C. |e aut |
| 700 | 0 | 1 | |a Fairhurst R. J. |e aut |
| 700 | 0 | 1 | |a Chukanov N. V. |e aut |
| 700 | 0 | 1 | |a Jakab Gy. |e aut |
| 700 | 0 | 1 | |a Petrescu L. |e aut |
| 710 | |a Mineral Sciences in the Carpathians Conference (5.) (2012) (Miskolc) | ||
| 856 | 4 | 0 | |u http://acta.bibl.u-szeged.hu/32997/1/mineralogica_as_007_055.pdf |z Dokumentum-elérés |